| 000 | 00418nam a2200145Ia 4500 | ||
|---|---|---|---|
| 008 | 230312s9999||||xx |||||||||||||| ||und|| | ||
| 082 |
_a332-1 _bINS |
||
| 100 | _aDr. Abdul karim | ||
| 245 | 0 | _aInternational Banking | |
| 260 |
_bThe Institute of Bankers in Pakistan _aKarachi |
||
| 300 | _a236 | ||
| 546 | _aEng. | ||
| 650 |
_aEconomics _vexchange control in operation in pakistan, The euro-Dollar Market |
||
| 942 | _cBK | ||
| 999 |
_c2307 _d2307 |
||